00360nam a2200121Ia 4500008004100000245009900041260001700140260000900157300000800166650002300174650001200197856002900209170516s9999 xx 000 0 und d 2aA Plasmonic Gold Nanostar Theranostic Probe for In Vivo Tumor Imaging and Photothermal Therapy bTheranostics c2015 a5:9 xMedical Technology xMedtech uhttp://www.thno.org/v5i9